[Event "FRA Team Ch"]
[Site "Montpellier"]
[Date "2001.05.01"]
[Round "11.1"]
[White "Moreno Carnero, Javier"]
[Black "Badea, Bela"]
[Result "1/2-1/2"]
[WhiteElo "2483"]
[BlackElo "2460"]
[Annotator "Noyon-Bordeaux"]
[PlyCount "22"]
[EventDate "2001.04.??"]

1. d4 d6 2. c4 e5 3. Nf3 Nd7 4. g3 g6 5. Bg2 Bg7 6. Nc3 Ne7 7. O-O O-O 8. e4
exd4 9. Nxd4 Nc6 10. Nde2 Nce5 11. Nd5 Nc5 1/2-1/2

[Event "FRA Team Ch"]
[Site "Montpellier"]
[Date "2001.05.01"]
[Round "11.2"]
[White "Spraggett, Kevin"]
[Black "Marcelin, Cyril"]
[Result "1/2-1/2"]
[WhiteElo "2526"]
[BlackElo "2424"]
[Annotator "Bordeaux-Noyon"]
[PlyCount "86"]
[EventDate "2001.04.??"]

1. e4 e5 2. Nf3 Nc6 3. Bb5 Nf6 4. d3 Bc5 5. Be3 Qe7 6. Qd2 Nd4 7. Nxd4 Bxd4 8.
Bxd4 exd4 9. c3 c6 10. Ba4 d5 11. f3 dxc3 12. Nxc3 O-O 13. O-O dxe4 14. dxe4
Rd8 15. Qf2 Be6 16. Rfd1 Nd7 17. Bc2 Qb4 18. Na4 b5 19. Rd4 Qe7 20. Nc3 Nb6 21.
e5 Nc4 22. Re1 b4 23. Na4 Rxd4 24. Qxd4 Rd8 25. Qf2 Rd2 26. Re2 Rxe2 27. Qxe2
Qg5 28. Qd3 g6 29. Bb3 Nxe5 30. Qe4 Qc1+ 31. Kf2 Qd2+ 32. Kg3 Qg5+ 33. Kf2 Qd2+
34. Kg3 Qd6 35. f4 Nd3 36. Bxe6 fxe6 37. Kf3 Nc1 38. Ke3 Kf7 39. Qc4 Qd1 40.
Nc5 Qe1+ 41. Kf3 a5 42. Ne4 Qd1+ 43. Kf2 h6 1/2-1/2

[Event "FRA Team Ch"]
[Site "Montpellier"]
[Date "2001.05.01"]
[Round "11.4"]
[White "Rainfray, Arnaud"]
[Black "Karr, Jean-Philippe"]
[Result "0-1"]
[WhiteElo "2390"]
[BlackElo "2383"]
[Annotator "Bordeaux-Noyon"]
[PlyCount "60"]
[EventDate "2001.04.??"]

1. e4 c5 2. c3 d5 3. exd5 Qxd5 4. d4 Nf6 5. Nf3 Bg4 6. Be2 e6 7. h3 Bh5 8. Be3
cxd4 9. cxd4 Nc6 10. Nc3 Qd6 11. O-O Be7 12. Qb3 O-O 13. Rac1 Rfd8 14. Rfd1 a6
15. Na4 b5 16. Nc5 Rac8 17. a4 bxa4 18. Qxa4 a5 19. Rd2 Nb4 20. Ne5 Bxe2 21.
Rxe2 Nfd5 22. Rce1 Nxe3 23. fxe3 Nd5 24. Qd1 f6 25. Nc4 Qg3 26. Ne4 Qh4 27.
Ned2 Bb4 28. e4 Nf4 29. Re3 Qg5 30. g4 Qh4 0-1

[Event "FRA Team Ch"]
[Site "Montpellier"]
[Date "2001.05.01"]
[Round "11.5"]
[White "Glavina, Pablo"]
[Black "Pujos, Stephane"]
[Result "1-0"]
[WhiteElo "2414"]
[BlackElo "2269"]
[Annotator "Noyon-Bordeaux"]
[PlyCount "75"]
[EventDate "2001.04.??"]

1. e4 e5 2. Nf3 Nf6 3. Nxe5 d6 4. Nf3 Nxe4 5. Bd3 Nf6 6. O-O Be7 7. h3 O-O 8.
c3 Nbd7 9. Bc2 Re8 10. d4 c6 11. Bf4 Nf8 12. Bh2 Qb6 13. Qc1 Bd7 14. Nbd2 Rad8
15. Re1 Qc7 16. Nc4 Bc8 17. Bd3 Ng6 18. Qc2 Bf8 19. Ne3 Nd5 20. Nxd5 cxd5 21.
Rxe8 Rxe8 22. Qa4 Bd7 23. Qxa7 Ne7 24. Qa3 Ng6 25. Qb3 Bc6 26. Re1 Rd8 27. Qc2
Be7 28. Bg3 Nf8 29. Nh2 Ra8 30. a3 g6 31. h4 Bf6 32. h5 gxh5 33. Qd1 Ng6 34.
Qxh5 Qd8 35. Ng4 Bg7 36. f4 Qb6 37. f5 Ne5 38. f6 1-0

[Event "FRA Team Ch"]
[Site "Montpellier"]
[Date "2001.05.01"]
[Round "11.7"]
[White "Peyrat, Olivier"]
[Black "Beudaert, Xavier"]
[Result "1/2-1/2"]
[WhiteElo "2373"]
[BlackElo "2235"]
[Annotator "Noyon-Bordeaux"]
[PlyCount "94"]
[EventDate "2001.04.??"]

1. c4 c5 2. g3 g6 3. Bg2 Bg7 4. Nc3 Nc6 5. a3 b6 6. e3 Bb7 7. Nge2 Nh6 8. b4
Nf5 9. O-O O-O 10. Rb1 Qc8 11. d3 d6 12. h3 e6 13. Nb5 Rd8 14. Bb2 Bxb2 15.
Rxb2 d5 16. cxd5 exd5 17. bxc5 bxc5 18. d4 a6 19. Nbc3 cxd4 20. exd4 Ncxd4 21.
Nxd4 Qxc3 22. Rxb7 Nxd4 23. Re1 Re8 24. Ree7 Rxe7 25. Rxe7 Rd8 26. Re3 Qb2 27.
Rd3 Ne2+ 28. Kh2 d4 29. Qe1 Nc1 30. Rd1 Nb3 31. Qe7 Rf8 32. Qf6 Qe2 33. Rb1 Qc4
34. h4 h5 35. g4 Nd2 36. gxh5 Qc7+ 37. f4 Qd8 38. Qxd8 Rxd8 39. Rd1 Nc4 40.
hxg6 fxg6 41. Be4 Rd6 42. Rd3 Kf7 43. Kg3 Kf6 44. Kf2 Nb2 45. Rg3 Kf7 46. Rb3
Na4 47. Bf3 Nc5 1/2-1/2

[Event "FRA Team Ch"]
[Site "Montpellier"]
[Date "2001.05.01"]
[Round "11.8"]
[White "Garrido, Denis"]
[Black "Bernard, Jacques"]
[Result "0-1"]
[WhiteElo "2247"]
[BlackElo "2237"]
[Annotator "Bordeaux-Noyon"]
[PlyCount "68"]
[EventDate "2001.04.??"]

1. d4 Nf6 2. Nf3 g6 3. c4 Bg7 4. Nc3 d5 5. e3 O-O 6. Qb3 e6 7. Bd2 b6 8. Rc1 c6
9. Bd3 Bb7 10. O-O Nbd7 11. cxd5 exd5 12. a4 a5 13. Rfd1 Re8 14. Qa2 Bf8 15.
Qb1 Rc8 16. e4 dxe4 17. Nxe4 Nxe4 18. Bxe4 Nf6 19. Bg5 Rxe4 20. Bxf6 Qd5 21.
Qd3 Rce8 22. Be5 c5 23. Qf1 cxd4 24. Bxd4 Qh5 25. Rc7 Bd5 26. h3 Rf4 27. Nh2
Bd6 28. Rc3 Rxd4 29. Rxd4 Bxh2+ 30. Kh1 Bb8 31. Rcd3 Bc6 32. b3 Kg7 33. Rd8
Rxd8 34. Rxd8 Qxh3+ 0-1

[Event "FRA Team Ch"]
[Site "Montpellier"]
[Date "2001.05.01"]
[Round "11.9"]
[White "Wolfangel, Florence"]
[Black "Feuvrier, Stephanie"]
[Result "0-1"]
[WhiteElo "1870"]
[BlackElo "2048"]
[Annotator "Noyon-Bordeaux"]
[PlyCount "60"]
[EventDate "2001.04.??"]

1. d4 Nf6 2. c4 c5 3. d5 b5 4. cxb5 a6 5. f3 g6 6. e4 d6 7. a4 Bg7 8. Na3 O-O
9. Bd3 axb5 10. Nxb5 Ne8 11. Ne2 Nc7 12. Nec3 Nba6 13. O-O Bd7 14. Qe2 Nxb5 15.
Nxb5 Qb6 16. Be3 Rfb8 17. Rfb1 Nc7 18. Ra3 Nxb5 19. Bxb5 Bxb5 20. Qxb5 Qc7 21.
Qe2 Rb4 22. b3 c4 23. Rc1 c3 24. Qc2 Qb7 25. Bf2 Rc8 26. a5 Bd4 27. a6 Qb6 28.
a7 Ra8 29. Bxd4 Rxd4 30. Kf1 Rd2 0-1

[Event "FRA Team Ch"]
[Site "Montpellier"]
[Date "2001.05.01"]
[Round "11.1"]
[White "Khenkin, Igor"]
[Black "Komarov, Dimitri"]
[Result "1/2-1/2"]
[WhiteElo "2612"]
[BlackElo "2540"]
[Annotator "Nancy-Drancy"]
[PlyCount "43"]
[EventDate "2001.04.??"]

1. d4 Nf6 2. c4 e6 3. Nf3 b6 4. a3 Ba6 5. Qc2 Bb7 6. Nc3 c5 7. e4 cxd4 8. Nxd4
Bc5 9. Nb3 Nc6 10. Bf4 e5 11. Bg5 h6 12. Bh4 Be7 13. O-O-O O-O 14. f3 a5 15.
Na4 d6 16. Kb1 Bc8 17. Qd3 Ra7 18. Be2 Bd7 19. Bxf6 Bxf6 20. Qxd6 Be7 21. Qd2
Bg5 22. Qd3 1/2-1/2

[Event "FRA Team Ch"]
[Site "Montpellier"]
[Date "2001.05.01"]
[Round "11.2"]
[White "David, Alberto"]
[Black "Bauer, Christian"]
[Result "1/2-1/2"]
[WhiteElo "2521"]
[BlackElo "2618"]
[Annotator "Drancy-Nancy"]
[PlyCount "25"]
[EventDate "2001.04.??"]

1. e4 c6 2. d4 d5 3. Nd2 dxe4 4. Nxe4 Bf5 5. Ng3 Bg6 6. h4 h6 7. Nf3 Nd7 8. h5
Bh7 9. Bd3 Bxd3 10. Qxd3 e6 11. Bf4 Qa5+ 12. Bd2 Qc7 13. O-O-O 1/2-1/2

[Event "FRA Team Ch"]
[Site "Montpellier"]
[Date "2001.05.01"]
[Round "11.3"]
[White "Turner, Matthew"]
[Black "Salaun, Yann"]
[Result "*"]
[WhiteElo "2498"]
[BlackElo "2391"]
[Annotator "Nancy-Drancy"]
[PlyCount "81"]
[EventDate "2001.04.??"]

1. e4 c5 2. Nf3 d6 3. Bc4 e6 4. O-O Nf6 5. d3 a6 6. Bb3 b5 7. Nbd2 Bb7 8. c3
Nbd7 9. Qe2 g6 10. a4 Bg7 11. d4 O-O 12. Rd1 Qc7 13. h3 Rab8 14. axb5 axb5 15.
Bc2 cxd4 16. Nxd4 b4 17. N2f3 bxc3 18. Nb5 cxb2 19. Bxb2 Qb6 20. Bd4 Nc5 21.
Nxd6 Qxd6 22. Bxf6 Qf4 23. Bg5 Qc7 24. Rac1 Rfc8 25. Qe3 Qa5 26. Bf4 Ra8 27.
Be5 Bxe5 28. Nxe5 Qc7 29. Ng4 e5 30. Bb3 Qe7 31. Rxc5 Qxc5 32. Qh6 Ra6 33.
Bxf7+ Kh8 34. Qg5 Rd6 35. Bd5 Re8 36. Nxe5 Bxd5 37. Rxd5 Rxd5 38. Qf6+ Kg8 39.
Qf7+ Kh8 40. Qxe8+ Kg7 41. Qf7+ *

[Event "FRA Team Ch"]
[Site "Montpellier"]
[Date "2001.05.01"]
[Round "11.4"]
[White "Legky, Nikolay A"]
[Black "Arkell, Keith C"]
[Result "1-0"]
[WhiteElo "2477"]
[BlackElo "2442"]
[Annotator "Drancy-Nancy"]
[PlyCount "109"]
[EventDate "2001.04.??"]

1. d4 e6 2. c4 Bb4+ 3. Bd2 Bxd2+ 4. Qxd2 Nf6 5. Nc3 d5 6. e3 O-O 7. Nf3 Nbd7 8.
cxd5 exd5 9. Qc2 Qe7 10. Bd3 c6 11. O-O Re8 12. a3 a5 13. Rfe1 Ne4 14. Bxe4
dxe4 15. Nd2 Nf6 16. Rac1 Bf5 17. Ne2 Nd5 18. Ng3 Bg6 19. Qc5 Qd8 20. Ne2 a4
21. Nc4 Re6 22. Nf4 Nxf4 23. exf4 Qf6 24. g3 Rd8 25. Ne3 Red6 26. Qe5 h5 27. f5
Bh7 28. Rc4 b5 29. Rc5 Rxd4 30. Qxf6 gxf6 31. Rec1 Rd2 32. R1c2 Rxc2 33. Rxc2
Rd6 34. Kf1 Kf8 35. Ke1 Ke7 36. h3 Kd7 37. g4 Rd4 38. Rd2 Rxd2 39. Kxd2 hxg4
40. hxg4 Kd6 41. Nf1 Kd5 42. Ke3 c5 43. Nd2 b4 44. Nxe4 bxa3 45. bxa3 Kc4 46.
Kd2 Kb3 47. Nxc5+ Kxa3 48. Kc3 Bg8 49. Kc4 Bh7 50. f4 Bg8 51. Kd5 Kb4 52. Nxa4
Kxa4 53. Kd6 Kb4 54. Ke7 Kc5 55. Kxf6 1-0

[Event "FRA Team Ch"]
[Site "Montpellier"]
[Date "2001.05.01"]
[Round "11.5"]
[White "Nezar, Mustapha"]
[Black "Giffard, Nicolas"]
[Result "1-0"]
[WhiteElo "2292"]
[BlackElo "2393"]
[Annotator "Nancy-Drancy"]
[PlyCount "119"]
[EventDate "2001.04.??"]

1. e4 c6 2. d3 d5 3. Nd2 Qc7 4. g3 e5 5. Bg2 Nf6 6. Ngf3 Bd6 7. O-O O-O 8. h3
Re8 9. Re1 d4 10. Nc4 Bb4 11. Rf1 b5 12. a3 Bf8 13. Ncd2 a6 14. a4 Ra7 15. Nh4
g6 16. f4 Nh5 17. Qf3 exf4 18. gxf4 Qd8 19. Qf2 Be7 20. Ndf3 Rc7 21. Bd2 Rb7
22. axb5 Rxb5 23. b3 c5 24. e5 Be6 25. Ng5 Bxg5 26. fxg5 Rf8 27. Nf3 Qc8 28.
Qh4 Nc6 29. Rae1 Ne7 30. Kh2 Nf5 31. Qf2 Nfg3 32. Rg1 Re8 33. Bc1 Rb8 34. Nd2
Qc7 35. Bf3 Nf5 36. Bxh5 gxh5 37. Ne4 Kh8 38. Nf6 h4 39. Nxe8 Rxe8 40. Rg4 Rg8
41. Bd2 Rg6 42. Rf4 Qc8 43. Rg1 Kg8 44. Be1 Qd7 45. Qe2 Ne7 46. Rxh4 Bd5 47.
Rf4 Bc6 48. Rf6 Qd5 49. b4 cxb4 50. Bxb4 Rxf6 51. gxf6+ Ng6 52. h4 Kh8 53. e6
Qf5 54. exf7 Qf4+ 55. Rg3 Qxh4+ 56. Rh3 Qf4+ 57. Kg1 Qg5+ 58. Kf1 Nf8 59. Bxf8
Qf5+ 60. Ke1 1-0

[Event "FRA Team Ch"]
[Site "Montpellier"]
[Date "2001.05.01"]
[Round "11.6"]
[White "Moracchini, Fabrice"]
[Black "Adrian, Claude"]
[Result "1/2-1/2"]
[WhiteElo "2316"]
[BlackElo "2381"]
[Annotator "Drancy-Nancy"]
[PlyCount "75"]
[EventDate "2001.04.??"]

1. d4 Nf6 2. c4 c5 3. d5 b5 4. cxb5 a6 5. b6 e6 6. Nc3 exd5 7. Nxd5 Nxd5 8.
Qxd5 Nc6 9. Nf3 Rb8 10. Bd2 Be7 11. Bc3 O-O 12. e4 Rxb6 13. Bc4 d6 14. Qh5 Bf6
15. O-O Be6 16. Bxe6 fxe6 17. e5 dxe5 18. Rfe1 Qe8 19. Qg4 Nd4 20. Re4 Nxf3+
21. gxf3 Rd6 22. Rae1 Qc6 23. Kg2 Rd3 24. R4e3 Rxe3 25. Rxe3 Qd5 26. b3 h6 27.
Qe4 Rd8 28. Bxe5 Qxe4 29. Rxe4 Kf7 30. f4 Rd2 31. Bxf6 Kxf6 32. Ra4 Rd6 33. Ra5
Rc6 34. Kf3 h5 35. Kg3 g6 36. Kh4 c4 37. bxc4 Rxc4 38. Rxa6 1/2-1/2

[Event "FRA Team Ch"]
[Site "Montpellier"]
[Date "2001.05.01"]
[Round "11.7"]
[White "Philippe, Christophe"]
[Black "Doornbos, Yann"]
[Result "1-0"]
[WhiteElo "2356"]
[BlackElo "2359"]
[Annotator "Nancy-Drancy"]
[PlyCount "63"]
[EventDate "2001.04.??"]

1. e4 e6 2. d4 d5 3. Nc3 Bb4 4. Nge2 Nf6 5. e5 Ne4 6. a3 Nxc3 7. Nxc3 Bxc3+ 8.
bxc3 O-O 9. Bd3 f5 10. exf6 Qxf6 11. O-O c5 12. dxc5 Nc6 13. Rb1 Qf7 14. c4 Ne5
15. Qe2 Bd7 16. Bd2 Nxc4 17. Bxc4 dxc4 18. Rxb7 Qe8 19. Bc3 Rf7 20. Re1 Bb5 21.
Rxf7 Qxf7 22. Qe5 Rd8 23. h3 Rc8 24. Re3 Qd7 25. Rg3 Rc7 26. Rg4 Bc6 27. Kh2
Kf8 28. Qf4+ Qf7 29. Bxg7+ Ke8 30. Bf6 Bd5 31. Qe5 Rb7 32. Rg7 1-0

[Event "FRA Team Ch"]
[Site "Montpellier"]
[Date "2001.05.01"]
[Round "11.8"]
[White "Borne, Niels"]
[Black "Spielmann, Alain"]
[Result "1/2-1/2"]
[WhiteElo "2322"]
[BlackElo "2294"]
[Annotator "Drancy-Nancy"]
[PlyCount "124"]
[EventDate "2001.04.??"]

1. d4 d5 2. c4 dxc4 3. Nf3 c5 4. e3 cxd4 5. Qxd4 Qxd4 6. Nxd4 Bd7 7. Bxc4 Nc6
8. Nxc6 Bxc6 9. O-O Nf6 10. Nc3 a6 11. Bd2 e6 12. Rac1 Bd6 13. Rfd1 Ke7 14. Be1
Rhd8 15. f3 Rac8 16. Bb3 Bc5 17. Bf2 Rxd1+ 18. Nxd1 Bb6 19. e4 Bxf2+ 20. Kxf2
Nd7 21. Ke3 Nb6 22. Nf2 Bb5 23. Rxc8 Nxc8 24. f4 Nb6 25. Kd4 Nd7 26. g3 b6 27.
Bc2 Bc6 28. b4 Bb7 29. e5 Nb8 30. a3 h6 31. Ne4 Bxe4 32. Bxe4 Kd7 33. a4 Kc7
34. Kc4 Kd7 35. Bf3 Kc7 36. Bh5 g6 37. Bf3 Kd7 38. h4 h5 39. g4 hxg4 40. Bxg4
Kc6 41. h5 b5+ 42. axb5+ axb5+ 43. Kd4 gxh5 44. Bxh5 Na6 45. Kc3 Kd7 46. Be2
Nc7 47. Bf3 Na6 48. Bb7 Nb8 49. Kd4 Kc7 50. Bf3 Na6 51. Kc3 Kd7 52. Be4 Kc7 53.
Bd3 Kc6 54. Be2 Nc7 55. Bf3+ Kb6 56. Kd4 Na6 57. Kc3 Kc7 58. Bg2 Kd7 59. Be4
Kc7 60. Bd3 Kc6 61. Be2 Nc7 62. Bf3+ Kb6 1/2-1/2

[Event "FRA Team Ch"]
[Site "Montpellier"]
[Date "2001.05.01"]
[Round "11.9"]
[White "Franc, Nathalie"]
[Black "Barakoff, Annie"]
[Result "1/2-1/2"]
[WhiteElo "2130"]
[BlackElo "1740"]
[Annotator "Nancy-Drancy"]
[PlyCount "50"]
[EventDate "2001.04.??"]

1. e4 c6 2. d4 d5 3. exd5 cxd5 4. c4 Nf6 5. Nc3 Nc6 6. Bg5 e6 7. Nf3 Be7 8. Bd3
O-O 9. a3 dxc4 10. Bxc4 Nd5 11. Bxe7 Ncxe7 12. O-O b6 13. Re1 Bb7 14. Bd3 Rc8
15. Rc1 Nf6 16. Be2 Ned5 17. Nxd5 Bxd5 18. Rxc8 Qxc8 19. Ne5 Qb7 20. Bf3 Rc8
21. Qd2 Qc7 22. h3 Qc2 23. Qb4 Qc7 24. Qd2 Qc2 25. Qb4 Qc7 1/2-1/2

[Event "FRA Team Ch"]
[Site "Montpellier"]
[Date "2001.05.01"]
[Round "11.2"]
[White "Dorfman, Josif"]
[Black "Winants, Luc"]
[Result "1/2-1/2"]
[WhiteElo "2602"]
[BlackElo "2515"]
[Annotator "Echiquier Nicois-Cappelle"]
[PlyCount "139"]
[EventDate "2001.04.??"]

1. d4 Nf6 2. c4 e6 3. Nf3 Bb4+ 4. Bd2 a5 5. g3 d6 6. Bg2 Nbd7 7. O-O e5 8. Bc1
exd4 9. Nxd4 O-O 10. Nc2 Bc5 11. Nc3 a4 12. Be3 Re8 13. b3 axb3 14. axb3 Rxa1
15. Qxa1 Bxe3 16. Nxe3 Nc5 17. b4 Nce4 18. Nxe4 Nxe4 19. Qd4 Nf6 20. Ra1 b6 21.
Ra8 c5 22. Qd2 cxb4 23. Bb7 Qc7 24. Rxc8 Qxb7 25. Rxe8+ Nxe8 26. Qxb4 Qa6 27.
Nd5 Qa1+ 28. Kg2 Qd4 29. e3 Qe4+ 30. Kg1 h5 31. h4 Kh7 32. Qb5 Kg8 33. Qd7 Kf8
34. Kh2 g6 35. Qb5 Qc2 36. Kg1 Qd1+ 37. Kg2 Qc2 38. Qb4 Kg7 39. Kg1 Qd1+ 40.
Kh2 Qe2 41. Kg2 Qc2 42. Qb5 Kf8 43. Nxb6 Nf6 44. Nd7+ Nxd7 45. Qxd7 Qxc4 46.
Qxd6+ Kg8 47. Qd8+ Kh7 48. Qd4 Qc7 49. e4 Kg8 50. Kf3 Qc1 51. e5 Qb1 52. Kg2
Qb7+ 53. Kh2 Qf3 54. Qf4 Qd5 55. Qf6 Qe4 56. Qd6 Kg7 57. Qc5 Kg8 58. Qc3 Kh7
59. Qe3 Qd5 60. Qe2 Kg8 61. f3 Kg7 62. Kg2 Kg8 63. Qe4 Qd2+ 64. Kh3 Qd1 65. g4
hxg4+ 66. Kxg4 Qg1+ 67. Kf4 Kg7 68. Qc2 Qd4+ 69. Qe4 Qf2 70. Kg4 1/2-1/2

[Event "FRA Team Ch"]
[Site "Montpellier"]
[Date "2001.05.01"]
[Round "11.3"]
[White "Degraeve, Jean-Marc"]
[Black "Caposciutti, Maurizio"]
[Result "1-0"]
[WhiteElo "2589"]
[BlackElo "2355"]
[Annotator "Cappelle-Echiquier Nicois"]
[PlyCount "109"]
[EventDate "2001.04.??"]

1. e4 c5 2. Nc3 Nc6 3. f4 g6 4. Nf3 Bg7 5. Bb5 Nd4 6. O-O Nxb5 7. Nxb5 d6 8. d3
a6 9. Nc3 Nf6 10. Qe1 O-O 11. Qh4 e6 12. f5 exf5 13. Bg5 h6 14. Bxh6 Ng4 15.
Qxd8 Rxd8 16. Bxg7 Kxg7 17. h3 Nf6 18. exf5 Bxf5 19. Rf2 Be6 20. Ng5 Nh7 21.
Nxe6+ fxe6 22. Re1 Re8 23. Ne4 Rad8 24. Ref1 Re7 25. h4 b6 26. Kh2 d5 27. Nf6
Nxf6 28. Rxf6 d4 29. R6f4 b5 30. Kg3 c4 31. Re1 e5 32. Rg4 Kh6 33. Rge4 Rd5 34.
R1e2 cxd3 35. cxd3 Rc5 36. Kg4 a5 37. b3 a4 38. bxa4 bxa4 39. Rxd4 exd4 40.
Rxe7 Rc2 41. g3 Rxa2 42. Re6 Rd2 43. h5 Rxd3 44. Rxg6+ Kh7 45. Ra6 a3 46. Ra4
Rb3 47. Rxd4 a2 48. Rd7+ Kh6 49. Rd6+ Kh7 50. Ra6 Rb2 51. Kh4 Rb4+ 52. g4 Rb2
53. Ra7+ Kh8 54. h6 Kg8 55. Kh5 1-0

[Event "FRA Team Ch"]
[Site "Montpellier"]
[Date "2001.05.01"]
[Round "11.4"]
[White "Bujisho, Benjamin"]
[Black "Jossien, Arnaud"]
[Result "0-1"]
[WhiteElo "2368"]
[BlackElo "2319"]
[Annotator "Echiquier Nicois-Cappelle"]
[PlyCount "82"]
[EventDate "2001.04.??"]

1. d4 d6 2. Nf3 Bg4 3. e4 Nf6 4. Nc3 e6 5. h3 Bh5 6. Qe2 c6 7. g4 Bg6 8. h4 h5
9. g5 Nfd7 10. Bh3 Be7 11. O-O Qb6 12. Rb1 Na6 13. b4 Nc7 14. a4 d5 15. e5 Bxb4
16. Na2 a5 17. Rb3 Qa6 18. Qxa6 Nxa6 19. c3 Be7 20. Rxb7 Bd8 21. Rb2 Nb6 22.
Ne1 Nxa4 23. Re2 Kd7 24. f4 Bf5 25. Bxf5 exf5 26. g6 Ke6 27. gxf7 Rf8 28. Ba3
Rxf7 29. Rg2 Nc7 30. Nf3 Kd7 31. e6+ Nxe6 32. Ne5+ Ke8 33. Nxf7 Kxf7 34. Bd6
Nb6 35. Rb1 Nc4 36. Rb7+ Kg8 37. Be5 Nxe5 38. dxe5 Bxh4 39. Rh2 Bg3 40. Rxh5
Rf8 41. Re7 Nxf4 0-1

[Event "FRA Team Ch"]
[Site "Montpellier"]
[Date "2001.05.01"]
[Round "11.5"]
[White "Carlier, Bruno"]
[Black "Brochet, Philippe"]
[Result "0-1"]
[WhiteElo "2392"]
[BlackElo "2369"]
[Annotator "Cappelle-Echiquier Nicois"]
[PlyCount "102"]
[EventDate "2001.04.??"]

1. Nf3 d5 2. g3 Nc6 3. d4 Bf5 4. c4 e5 5. Nxe5 Nxe5 6. dxe5 dxc4 7. Qa4+ Qd7 8.
Qxd7+ Bxd7 9. Bg2 O-O-O 10. Be3 Bb4+ 11. Nc3 Ne7 12. O-O Nf5 13. Bxa7 b6 14.
Nd5 Bc5 15. b4 Bd4 16. Rac1 c3 17. Nxc3 Bxc3 18. Rxc3 Nd4 19. Rcc1 Nxe2+ 20.
Kh1 Nxc1 21. Rxc1 Ba4 22. Bxb6 Rd1+ 23. Rxd1 Bxd1 24. Bc5 Rd8 25. Bc6 Bg4 26.
Kg2 Bd7 27. Be4 g6 28. Be7 Re8 29. Bf6 Re6 30. Bd3 Rc6 31. a4 Be6 32. Be7 Bd5+
33. Kh3 Be6+ 34. Kh4 Rc3 35. Ba6+ Kd7 36. Bc5 Rf3 37. g4 h6 38. Bf1 Rf4 39. h3
Re4 40. a5 Rxe5 41. Bb5+ Kc8 42. Ba6+ Kb8 43. Bb5 Bd5 44. Kg3 Re1 45. f4 c6 46.
Ba6 Rc1 47. Bd6+ Ka7 48. Bc8 Rc3+ 49. Kh4 f6 50. g5 hxg5+ 51. Kg4 Bg2 0-1

[Event "FRA Team Ch"]
[Site "Montpellier"]
[Date "2001.05.01"]
[Round "11.6"]
[White "Leski, Marc"]
[Black "Catteau, Bruno"]
[Result "1-0"]
[WhiteElo "2420"]
[BlackElo "2193"]
[Annotator "Echiquier Nicois - Cappelle"]
[PlyCount "103"]
[EventDate "2001.04.??"]

1. Nf3 d5 2. g3 c6 3. Bg2 Bf5 4. O-O e6 5. d3 h6 6. Be3 Nd7 7. c4 Bd6 8. Qb3
Qb8 9. Nc3 Ngf6 10. cxd5 exd5 11. Bd4 O-O 12. Rfe1 Be6 13. Qc2 c5 14. Bxf6 Nxf6
15. e4 dxe4 16. dxe4 Be5 17. Nxe5 Qxe5 18. Rad1 Qh5 19. f4 Bg4 20. Rd6 Bf3 21.
Nd5 Bxg2 22. Nxf6+ gxf6 23. Kxg2 Rfd8 24. Red1 Rxd6 25. Rxd6 b6 26. Qd3 Kg7 27.
Qf3 Qxf3+ 28. Kxf3 Rc8 29. Ke3 Rc7 30. a4 Re7 31. g4 Rc7 32. Kd3 c4+ 33. Kc3
Rc5 34. Rd4 Rc7 35. Rxc4 Rd7 36. Rd4 Rc7+ 37. Kd2 Kg6 38. b3 Kg7 39. h3 Kg6 40.
Rd5 Kg7 41. Rd6 Re7 42. Rd4 Rc7 43. Rc4 Rd7+ 44. Kc2 Re7 45. Kc3 Rd7 46. Rd4
Rc7+ 47. Kb4 a5+ 48. Kb5 Rc3 49. Kxb6 Rxb3+ 50. Kxa5 Rxh3 51. Kb5 h5 52. gxh5
1-0

[Event "FRA Team Ch"]
[Site "Montpellier"]
[Date "2001.05.01"]
[Round "11.7"]
[White "Cappon, John"]
[Black "Mrdja, Milan"]
[Result "0-1"]
[WhiteElo "2188"]
[BlackElo "2435"]
[Annotator "Cappelle-Echiquier Nicois"]
[PlyCount "106"]
[EventDate "2001.04.??"]

1. e4 c5 2. Nf3 d6 3. d4 cxd4 4. Nxd4 Nf6 5. Nc3 a6 6. a4 e5 7. Nf3 Qc7 8. Be2
Be7 9. O-O h6 10. Be3 Be6 11. a5 Nbd7 12. Nd5 Qc6 13. Nxe7 Kxe7 14. Nd2 d5 15.
exd5 Nxd5 16. Bf3 Nxe3 17. Bxc6 Nxd1 18. Bxd7 Bxd7 19. Raxd1 Rac8 20. c3 Be6
21. Rfe1 f6 22. Rc1 Rhd8 23. Ne4 Bd5 24. Ng3 Bb3 25. f4 Rc5 26. fxe5 fxe5 27.
Re3 Rcd5 28. Rce1 Kf6 29. Nh5+ Kf7 30. Rg3 g5 31. Rf1+ Ke7 32. Ng7 Bc4 33. Nf5+
Kf6 34. Ne3+ Bxf1 35. Nxd5+ Rxd5 36. Kxf1 Rxa5 37. Rh3 Kg6 38. Rd3 h5 39. Ke2
Kf5 40. Rd7 b5 41. Kd3 Ra2 42. Rf7+ Ke6 43. Rg7 Kf6 44. Rh7 Kg6 45. Ra7 Rxb2
46. Rxa6+ Kf5 47. Rb6 Rxg2 48. Rxb5 Rxh2 49. c4 Rh3+ 50. Kd2 Ke4 51. c5 Rd3+
52. Kc2 Rd8 53. Kc3 h4 0-1

[Event "FRA Team Ch"]
[Site "Montpellier"]
[Date "2001.05.01"]
[Round "11.8"]
[White "Moncamp, Gilles"]
[Black "Husson, Cybele"]
[Result "1-0"]
[WhiteElo "2242"]
[BlackElo "2036"]
[Annotator "Echiquier Nicois-Cappelle"]
[PlyCount "89"]
[EventDate "2001.04.??"]

1. e4 b6 2. d4 Bb7 3. Bd3 Nf6 4. f3 e6 5. c4 Nc6 6. Ne2 Nb4 7. Nbc3 Nxd3+ 8.
Qxd3 d6 9. O-O Be7 10. b3 Nd7 11. Bb2 O-O 12. Rad1 a6 13. a4 Qe8 14. Ng3 Rd8
15. Nce2 f6 16. Nf4 Qf7 17. d5 Nc5 18. dxe6 Nxe6 19. Nxe6 Qxe6 20. Nf5 Rd7 21.
Rfe1 Qf7 22. Kh1 Bc8 23. Qd5 Bd8 24. Qa8 Be7 25. Qc6 h6 26. b4 Kh7 27. a5 bxa5
28. bxa5 g6 29. Ne3 Qe6 30. Nd5 Bd8 31. Nb4 Rdf7 32. Nxa6 f5 33. Nb8 Bh4 34.
Re2 fxe4 35. Qxe4 Qxe4 36. Rxe4 Bb7 37. Rxh4 Rxb8 38. Rd2 g5 39. Rhd4 Kg6 40.
h3 Rf5 41. Bc3 Ba6 42. Rxd6+ cxd6 43. Rxd6+ Kh5 44. g4+ Kh4 45. Be1+ 1-0

[Event "FRA Team Ch"]
[Site "Montpellier"]
[Date "2001.05.01"]
[Round "11.9"]
[White "Couche, Didier"]
[Black "Bonnafous, Nathalie"]
[Result "1-0"]
[WhiteElo "2080"]
[BlackElo "2071"]
[Annotator "Cappelle-Echiquier Nicois"]
[PlyCount "39"]
[EventDate "2001.04.??"]

1. d4 g6 2. c4 Bg7 3. e4 d6 4. f4 e5 5. dxe5 dxe5 6. Qxd8+ Kxd8 7. fxe5 Bxe5 8.
Nf3 Bg7 9. Bg5+ Bf6 10. Nc3 c6 11. O-O-O+ Ke7 12. Bd2 Nd7 13. Be2 Kf8 14. Kc2
Kg7 15. Bf4 Nh6 16. e5 Bd8 17. Ne4 Bb6 18. Bxh6+ Kxh6 19. Nd6 Kg7 20. Nxc8 1-0

[Event "FRA Team Ch"]
[Site "Montpellier"]
[Date "2001.05.01"]
[Round "11.1"]
[White "Schlosser, Philipp"]
[Black "Magem Badals, Jordi"]
[Result "1/2-1/2"]
[WhiteElo "2511"]
[BlackElo "2506"]
[Annotator "Bischwiller-Orange"]
[PlyCount "81"]
[EventDate "2001.04.??"]

1. d4 d5 2. c4 dxc4 3. Nf3 Nf6 4. Qa4+ c6 5. Qxc4 Bf5 6. Nc3 Nbd7 7. g3 e6 8.
Bg2 Be7 9. O-O O-O 10. e3 Ne4 11. Nd2 Nd6 12. Qe2 e5 13. d5 cxd5 14. Nxd5 Nf6
15. Nxe7+ Qxe7 16. e4 Bd7 17. a4 b5 18. b3 bxa4 19. bxa4 Rfc8 20. Qd3 Qe6 21.
Bb2 Rab8 22. Rfb1 Rb4 23. a5 Bb5 24. Qe3 a6 25. Ba3 Rxb1+ 26. Rxb1 h6 27. Bb4
Rc2 28. Qb6 Rc6 29. Qe3 Rc2 30. Qa3 Nc4 31. Qd3 Nxd2 32. Qxc2 Nxb1 33. Qxb1 Qc4
34. f3 Qd4+ 35. Kh1 Nd7 36. Qe1 Nc5 37. Bc3 Qc4 38. h4 Nd3 39. Qd2 h5 40. Kh2
f6 41. Bf1 1/2-1/2

[Event "FRA Team Ch"]
[Site "Montpellier"]
[Date "2001.05.01"]
[Round "11.2"]
[White "De la Riva Aguado, Oscar"]
[Black "Ivanov, Mikhail M"]
[Result "1-0"]
[WhiteElo "2496"]
[BlackElo "2454"]
[Annotator "Orange-Bischwiller"]
[PlyCount "67"]
[EventDate "2001.04.??"]

1. e4 c5 2. Nf3 g6 3. d4 cxd4 4. Nxd4 Bg7 5. Nc3 Nc6 6. Be3 Nf6 7. Bc4 O-O 8.
Bb3 d6 9. f3 Na5 10. Qd2 Bd7 11. O-O-O Qb8 12. h4 h5 13. Bh6 Nxb3+ 14. axb3 b5
15. Bxg7 Kxg7 16. Nd5 Nxd5 17. exd5 a5 18. Rhe1 Re8 19. Re3 b4 20. Rde1 a4 21.
Rxe7 axb3 22. Nxb3 Rxe7 23. Rxe7 Qb5 24. Qd3 Qxd3 25. cxd3 Ba4 26. Nd4 Ra5 27.
Rb7 Rxd5 28. Rxb4 Bd7 29. Kd2 Kf6 30. Rc4 Ke5 31. Ke3 Bb5 32. f4+ Kf6 33. Rc7
Ba4 34. b4 1-0